Sports Quiz

Random Sports or NFL Quiz

Eliminate One Team: NFL Edition Quiz Stats

 Plays Quiz not verified by Sporcle

Score 0/8 Timer 02:30
0 Plays Today
Question Answer Wrong Answers
Eliminate: 1. The team that Nick Foles played for when he won Super Bowl MVP, 2. The only team that is 2-0 Super Bowls, 3. The team that drafted Peyton Manning New Orleans Saints
88.4%
Indianapolis Colts
0%
Philadelphia Eagles
4.7%
Baltimore Ravens
4.7%
Eliminate: 1. The team who won the first two Super Bowls, 2. The team that drafted Philip Rivers, 3. The team that plays in the state of Missouri Los Angeles Chargers
86%
Green Bay Packers
2.3%
New York Giants
7%
Kansas City Chiefs
0%
Eliminate: 1. The team that is known as “America’s Team”, 2. The team that blew a 28-3 lead in the Super Bowl, 3. LeVeon Bell’s old team New York Jets
83.7%
Dallas Cowboys
2.3%
Atlanta Falcons
4.7%
Pittsburgh Steelers
7%
Eliminate: 1. Peyton Manning’s second team, 2. The only team to ever go undefeated and win the Super Bowl, 3. The team whose head coach is currently Bruce Arians Arizona Cardinals
79.1%
Tampa Bay Buccaneers
11.6%
Denver Broncos
2.3%
Miami Dolphins
0%
Eliminate: 1. The team that lost four straight Super Bowls in the 90’s, 2. The first team that ever went 0-16, 3. Kurt Warner’s first team Cleveland Browns
79.1%
Buffalo Bills
7%
Detroit Lions
7%
Los Angeles Rams
2.3%
Eliminate: 1. The team that was previously known as the “Oilers”, 2. The only team with a number in its name, 3. The team that Cam Newton plays for Houston Texans
76.7%
Tennessee Titans
14%
Carolina Panthers
2.3%
San Francisco 49ers
0%
Eliminate: 1. The team that Patrick Mahomes plays for, 2. The team who lost to the 49ers twice in the Super Bowl, 3. The team that Russell Wilson plays for Chicago Bears
74.4%
Kansas City Chiefs
11.6%
Seattle Seahawks
2.3%
Cincinnati Bengals
9.3%
Eliminate: 1. The team Tom Brady plays for, 2. Donovan McNabb’s final team, 3. The team that plays a game in London annually Washington Redskins
58.1%
New England Patriots
0%
Jacksonville Jaguars
2.3%
Minnesota Vikings
32.6%

You're not logged in!

Compare scores with friends on all Sporcle quizzes.
OR
Log In

Sporcle TV

Today on Sporcle TV


Watch our educational content, quiz creation guides, and fun videos on Sporcle TV.

Show Comments

Extras

Created Sep 8, 2019ReportNominate
Tags:NFL Quiz, edition, eliminate, team

Top Quizzes Today


Score Distribution

Your Account Isn't Verified!

In order to create a playlist on Sporcle, you need to verify the email address you used during registration. Go to your Sporcle Settings to finish the process.

Report this User

Report this user for behavior that violates our Community Guidelines.

Details: